Yuganta : (Record no. 124534)

MARC details
000 -LEADER
fixed length control field 00683nam a22002297a 4500
005 - DATE AND TIME OF LATEST TRANSACTION
control field 20170124105940.0
010 ## - LIBRARY OF CONGRESS CONTROL NUMBER
LC control number A-553678
020 ## - INTERNATIONAL STANDARD BOOK NUMBER
Terms of availability 00.00
International Standard Book Number 0863110983
035 ## - SYSTEM CONTROL NUMBER
System control number A-553678
037 ## - SOURCE OF ACQUISITION
Source of stock number/acquisition Cen Lib/Ret
040 ## - CATALOGING SOURCE
Original cataloging agency DPL
Language of cataloging EN
082 ## - DEWEY DECIMAL CLASSIFICATION NUMBER
Classification number 230.1
Item number KAR
100 ## - MAIN ENTRY--PERSONAL NAME
Personal name Karve, Irawati
9 (RLIN) 11075
245 ## - TITLE STATEMENT
Title Yuganta :
Statement of responsibility, etc by Irawati Karve
Remainder of title the end of an epoch /
260 ## - PUBLICATION, DISTRIBUTION, ETC. (IMPRINT)
Place of publication, distribution, etc Hyderabad
Name of publisher, distributor, etc Orient Longman
Date of publication, distribution, etc 1974
270 ## - ADDRESS
City Hyderabad
Postal code 500029
Address 3-6-272, himayat nagar
300 ## - PHYSICAL DESCRIPTION
Extent xi, 217p.
Dimensions 17cm(Hb)
500 ## - GENERAL NOTE
General note Includes glossary
650 ## - SUBJECT ADDED ENTRY--TOPICAL TERM
Topical term or geographic name as entry element Hinduism
General subdivision Mahabharata
9 (RLIN) 11076
650 ## - SUBJECT ADDED ENTRY--TOPICAL TERM
Topical term or geographic name as entry element Historical aspects
9 (RLIN) 11077
942 ## - ADDED ENTRY ELEMENTS (KOHA)
Source of classification or shelving scheme Dewey Decimal Classification
Koha item type English Books
Classification part 230.1
Call number suffix KAR
Holdings
Withdrawn status Lost status Damaged status Not for loan Home library Current library Date acquired Source of acquisition Cost, normal purchase price Total Checkouts Full call number Barcode Date last seen Copy number Cost, replacement price Price effective from Koha item type
        Central Library Central Library 16/06/2015 Cen Lib/Ret 0.00   230.1 KAR A-553678 16/06/2015 1 0.00 16/06/2015 English Books

© Delhi Public Library
Hit Counter
free hit counter